Kozmetika dnešnej ženy /
Uložené v:
| Hlavní autori: | , |
|---|---|
| Médium: | Kniha |
| Jazyk: | Slovak |
| Vydané: |
Bratislava :
Osveta,
1961.
|
| Vydanie: | 2. vyd. |
| ISBN: |
(viaz.) |
| Fyzický popis: |
137 s. : obr. |
| Tagy: |
Pridať tag
Žiadne tagy, Buďte prvý kto otaguje tento záznam!
|
Titul je dostupný aj v ... 

MARC
| LEADER | 00000nam a2200000 a 4500 | ||
|---|---|---|---|
| 001 | 000465708 | ||
| 005 | 20150422150719.0 | ||
| 008 | 090406s1961 xo e slo d | ||
| 020 | |a (viaz.) |c Kčs 14,80 | ||
| 040 | |a SVKKK |b slo |c SVKKK |e AACR2 | ||
| 041 | 0 | |a slo | |
| 044 | |a xo |c SK | ||
| 100 | 1 | |a Babák, Andrej |4 aut | |
| 245 | 1 | 0 | |a Kozmetika dnešnej ženy / |c Alexandra Jurssová-Králová, Andrej Babák. |
| 250 | |a 2. vyd. | ||
| 260 | |a Bratislava : |b Osveta, |c 1961. | ||
| 300 | |a 137 s. : |b obr. | ||
| 700 | 1 | |a Jurssová-Králová, Alexandra |4 aut | |
| 910 | |a svkkk | ||
| 998 | |a BK | ||
| 090 | |g SCKHL |k Sklad Pribinova 1. posch. |a IV.26877 |j 283961 |i 465708-10 |s Absenčne | ||